[Event "SC Lindenberg-TSF Ditzingen"]
[Site "?"]
[Date "2002.12.16"]
[Round "4.2"]
[White "Gaertner, Guntram"]
[Black "Wittmann, Ralf"]
[Result "1-0"]
[WhiteElo "2312"]
[BlackElo "2132"]
[PlyCount "51"]
[EventDate "2002.??.??"]

1. d4 Nf6 2. c4 e6 3. Nc3 Bb4 4. Bg5 h6 5. Bh4 c5 6. d5 b5 7. dxe6 fxe6 8. cxb5
d5 9. e3 O-O 10. Bd3 a6 11. Nf3 c4 12. Bc2 axb5 13. O-O Ra5 14. a4 Bxc3 15.
bxc3 bxa4 16. Bxa4 Nbd7 17. Nd4 Ra6 18. Bxd7 Qxd7 19. Rxa6 Bxa6 20. Bxf6 gxf6
21. Qg4+ Kf7 22. Qh5+ Kg7 23. f4 f5 24. Rf3 Rf6 25. Rg3+ Kf8 26. Rg6 1-0

[Event "SC Lindenberg-TSF Ditzingen"]
[Site "?"]
[Date "2002.12.16"]
[Round "4.3"]
[White "Meier, Thomas"]
[Black "Grabher, Heinz"]
[Result "1/2-1/2"]
[WhiteElo "2257"]
[BlackElo "2264"]
[PlyCount "98"]
[EventDate "2002.??.??"]

1. d4 Nf6 2. c4 e6 3. Nc3 Bb4 4. e3 c5 5. Bd3 Nc6 6. Nge2 cxd4 7. exd4 d5 8.
cxd5 Nxd5 9. O-O O-O 10. a3 Bd6 11. Ne4 Be7 12. Bc2 Qc7 13. Bg5 f6 14. Bh4 Rd8
15. N4c3 Qb6 16. Na4 Qc7 17. Bg3 Bd6 18. Qd3 f5 19. Bxd6 Qxd6 20. Rad1 b5 21.
Nac3 Nxc3 22. bxc3 Ne7 23. Rfe1 Nd5 24. a4 bxa4 25. Bxa4 Ba6 26. Bb5 Bxb5 27.
Qxb5 Rab8 28. Qa5 Rdc8 29. Rb1 Rxb1 30. Rxb1 Qc6 31. Qxa7 Nxc3 32. Nxc3 Qxc3
33. h3 h6 34. Qe7 Qc6 35. Re1 Re8 36. Qb4 Qd7 37. Qc4 Kf7 38. Re5 Kf6 39. Re1
Rc8 40. Qa6 Rc6 41. Qa1 Kf7 42. Rd1 Qc7 43. Qb1 Qd7 44. Qb5 Rd6 45. Qc4 Rd5 46.
g3 Qb5 47. Qc7+ Rd7 48. Qf4 Qd5 49. h4 Qd6 1/2-1/2

[Event "SC Lindenberg-TSF Ditzingen"]
[Site "?"]
[Date "2002.12.16"]
[Round "4.4"]
[White "Schmidlechner, Alexander"]
[Black "Beyer, Christian"]
[Result "0-1"]
[WhiteElo "2230"]
[BlackElo "2165"]
[PlyCount "122"]
[EventDate "2002.??.??"]

1. d4 d5 2. c4 e6 3. Nc3 c5 4. cxd5 exd5 5. Nf3 Nc6 6. g3 Nf6 7. Bg2 Be7 8. O-O
O-O 9. Bg5 c4 10. Ne5 Be6 11. e3 Nd7 12. Nxc6 bxc6 13. Bxe7 Qxe7 14. Qc2 Rfd8
15. Rfc1 Rab8 16. b3 Nb6 17. Bf1 c5 18. dxc5 Qxc5 19. Ne2 Qa3 20. Nd4 Rdc8 21.
Qd2 Bd7 22. Rc3 Qa5 23. Rac1 Rc7 24. R3c2 Qxd2 25. Rxd2 Rbc8 26. Rdc2 Kf8 27.
Be2 Rc5 28. Kf1 Ra5 29. Ke1 Ke7 30. Kd2 Ra3 31. Rb2 Rc5 32. e4 Rca5 33. Rcc2
c3+ 34. Rxc3 Rxa2 35. Rxa2 Rxa2+ 36. Ke3 dxe4 37. Kxe4 f5+ 38. Kd3 Nd5 39. Rc5
Kd6 40. Rc1 Nb4+ 41. Kc4 a5 42. Rd1 Kc7 43. Kc3 Bc8 44. Rd2 Nd5+ 45. Kc4 Rxd2
46. Kxd5 Kb6 47. f3 Ba6 48. Bxa6 Kxa6 49. h4 g6 50. Ke5 Kb6 51. h5 Rg2 52. Kf4
Kc5 53. Ne6+ Kb4 54. Nd4 Kc3 55. Nc6 Ra2 56. hxg6 hxg6 57. Kg5 Kxb3 58. Kxg6 a4
59. Kxf5 Rg2 60. g4 a3 61. Na5+ Kc3 0-1

[Event "SC Lindenberg-TSF Ditzingen"]
[Site "?"]
[Date "2002.12.16"]
[Round "4.5"]
[White "Saur, Michael"]
[Black "Atlas, Dimitry"]
[Result "0-1"]
[WhiteElo "2023"]
[BlackElo "2197"]
[PlyCount "54"]
[EventDate "2002.??.??"]

1. e4 e6 2. d4 d5 3. Nc3 Bb4 4. e5 c5 5. a3 Bxc3+ 6. bxc3 Ne7 7. Qg4 Kf8 8. Nf3
Nbc6 9. h4 Qa5 10. Bd2 Qa4 11. Kd1 b6 12. h5 h6 13. Rh3 Ba6 14. Bxa6 Qxa6 15.
Nh4 Qf1+ 16. Be1 Qc4 17. Rf3 Nxe5 18. Qf4 Nxf3 19. gxf3 Ke8 20. Qg3 cxd4 21.
Rb1 dxc3 22. Rb4 Qc5 23. Qxg7 Rg8 24. Qxh6 d4 25. Qf4 Nd5 26. Qh6 Nxb4 27. axb4
Qe5 0-1

[Event "SC Lindenberg-TSF Ditzingen"]
[Site "?"]
[Date "2002.12.16"]
[Round "4.6"]
[White "Scheffknecht, Philipp"]
[Black "Reinhold, Dirk"]
[Result "1-0"]
[WhiteElo "2129"]
[BlackElo "1960"]
[PlyCount "105"]
[EventDate "2002.??.??"]

1. d4 Nf6 2. Nf3 e6 3. c4 d5 4. e3 c5 5. Bd3 Nc6 6. O-O Bd6 7. Nc3 cxd4 8. exd4
dxc4 9. Bxc4 Ne7 10. Bg5 Ng6 11. Ne4 Be7 12. Bxf6 Bxf6 13. Bb5+ Kf8 14. Re1 h6
15. Rc1 Be7 16. Ne5 Nh4 17. Re3 a6 18. Bf1 f5 19. g3 fxe4 20. gxh4 Bxh4 21.
Rxe4 Bf6 22. Ng6+ Kg8 23. Nxh8 Kxh8 24. Bc4 Qd6 25. Qe2 Bxd4 26. Bxe6 Bxe6 27.
Rxe6 Qf4 28. Rf1 Rf8 29. Re4 Qf6 30. Kg2 Bxb2 31. f3 Ba3 32. Kh1 a5 33. Re6 Qd4
34. Rd1 Qc3 35. Rd3 Qc1+ 36. Qe1 Qxe1+ 37. Rxe1 Bc5 38. Re5 b6 39. Kg2 Rf4 40.
Re4 Rf5 41. Rd7 Rg5+ 42. Rg4 Rxg4+ 43. fxg4 a4 44. Kf3 Kh7 45. h4 Kg6 46. Rc7
Kf6 47. Ke4 g6 48. Rc6+ Kg7 49. Ke5 Bf2 50. Rc7+ Kf8 51. Kf6 Bxh4+ 52. Kxg6 Be1
53. Rb7 1-0

[Event "SC Lindenberg-TSF Ditzingen"]
[Site "?"]
[Date "2002.12.16"]
[Round "4.7"]
[White "Ryba, Andreas"]
[Black "Ahner, Thomas"]
[Result "0-1"]
[WhiteElo "1957"]
[BlackElo "1956"]
[PlyCount "76"]
[EventDate "2002.??.??"]

1. Nf3 Nf6 2. c4 g6 3. Nc3 Bg7 4. e4 d6 5. d4 O-O 6. Be2 Nbd7 7. Be3 Ng4 8. Bg5
h6 9. Bd2 e5 10. d5 a5 11. h3 Ngf6 12. g4 Nc5 13. Qc2 Ne8 14. Rg1 Kh7 15. Be3
Bd7 16. Qd2 Rh8 17. O-O-O Qc8 18. Nh4 Qd8 19. Ng2 Qe7 20. Rdf1 Nf6 21. f3 Ng8
22. Ne1 Be8 23. Nd3 Nd7 24. g5 hxg5 25. Bxg5 Ngf6 26. f4 exf4 27. Rxf4 Qf8 28.
Qe1 Kg8 29. e5 dxe5 30. Nxe5 Nxe5 31. Rxf6 Rxh3 32. Ne4 Qb4 33. Qf1 Rh7 34. Rh1
Rxh1 35. Qxh1 Nxc4 36. Bxc4 Qxc4+ 37. Nc3 Bxf6 38. Bxf6 Qf4+ 0-1

[Event "SC Lindenberg-TSF Ditzingen"]
[Site "?"]
[Date "2002.12.16"]
[Round "4.8"]
[White "Mittermeier, Peter"]
[Black "Zimber, Armin"]
[Result "1/2-1/2"]
[WhiteElo "1956"]
[BlackElo "2000"]
[PlyCount "64"]
[EventDate "2002.??.??"]

1. Nf3 d5 2. g3 c5 3. Bg2 Nc6 4. d4 Bg4 5. c3 e6 6. Qa4 Bxf3 7. Bxf3 cxd4 8.
cxd4 Bb4+ 9. Bd2 Qb6 10. Bxb4 Qxb4+ 11. Qxb4 Nxb4 12. Kd2 Rc8 13. Nc3 Ne7 14.
Rac1 Kd7 15. e3 Nf5 16. a3 Nc6 17. b3 Na5 18. Kc2 Nd6 19. Kb2 Rc7 20. Rc2 Rhc8
21. Rhc1 Rc6 22. Na4 Rxc2+ 23. Rxc2 Rxc2+ 24. Kxc2 b6 25. Nc3 Nc6 26. Be2 Ne7
27. Bd3 h6 28. h4 Ng8 29. Nb5 Nxb5 30. Bxb5+ Kd6 31. Kd2 Nf6 32. Bd3 Ng4
1/2-1/2

[Event "SV Marbach-SF Pfullingen"]
[Site "?"]
[Date "2002.12.16"]
[Round "4.1"]
[White "Vujic, Branimir"]
[Black "Vokac, Marek"]
[Result "0-1"]
[WhiteElo "2256"]
[BlackElo "2529"]
[PlyCount "76"]
[EventDate "2002.??.??"]

1. d4 g6 2. e4 Bg7 3. Nc3 d6 4. Bc4 a6 5. Nf3 b5 6. Bb3 e6 7. O-O Nd7 8. Re1
Bb7 9. a4 b4 10. Na2 a5 11. c3 bxc3 12. bxc3 Ne7 13. Rb1 Rb8 14. Bg5 h6 15. Bd2
O-O 16. Bc2 Ba6 17. Nc1 Rxb1 18. Bxb1 c5 19. h4 Nc6 20. Be3 Qb8 21. Nd3 cxd4
22. cxd4 Nb4 23. Nf4 e5 24. dxe5 Nxe5 25. Nd5 Nxf3+ 26. Qxf3 Nxd5 27. exd5 Qb4
28. Rc1 Qxh4 29. Rc6 Bc8 30. Bc2 Qb4 31. Bf4 Be5 32. Bg3 Bb7 33. Rc7 Bxd5 34.
Qxd5 Bxg3 35. Re7 Bxf2+ 36. Kf1 Bc5 37. g3 Qc3 38. Re2 Qxg3 0-1

[Event "SV Marbach-SF Pfullingen"]
[Site "?"]
[Date "2002.12.16"]
[Round "4.3"]
[White "Einwiller, Bernd"]
[Black "Eisele, Steffen"]
[Result "1/2-1/2"]
[WhiteElo "2065"]
[BlackElo "2208"]
[PlyCount "95"]
[EventDate "2002.??.??"]

1. d4 g6 2. Nf3 Bg7 3. c4 c5 4. Nc3 cxd4 5. Nxd4 Nc6 6. Nxc6 bxc6 7. e4 d6 8.
Be2 Nf6 9. Be3 O-O 10. O-O Nd7 11. Rc1 Qa5 12. Qd2 Re8 13. f4 Rb8 14. b3 Nc5
15. Bf3 Bb7 16. Rfd1 Ne6 17. g4 c5 18. Ne2 Qxd2 19. Rxd2 f5 20. gxf5 gxf5 21.
Bh5 Bxe4 22. Bxe8 Rxe8 23. Kf2 a5 24. Rcd1 a4 25. Ng3 axb3 26. axb3 Rb8 27.
Nxe4 fxe4 28. Rb1 Rf8 29. Kg3 Nd4 30. b4 Nf5+ 31. Kf2 cxb4 32. Rd5 e6 33. Ra5
Bh6 34. Rxb4 Nxe3 35. Kxe3 Rxf4 36. Ke2 Kf7 37. Rb7+ Kg6 38. Ra6 Rh4 39. Rxd6
Rxh2+ 40. Ke1 Kf6 41. Rbb6 Bf4 42. Rxe6+ Kf5 43. Re8 e3 44. Rbe6 Rc2 45. Rxe3
Bxe3 46. Rxe3 Rxc4 47. Kf2 h5 48. Kg3 1/2-1/2

[Event "SV Marbach-SF Pfullingen"]
[Site "?"]
[Date "2002.12.16"]
[Round "4.4"]
[White "Brodbeck, Stefan"]
[Black "Banaszek, Marcin"]
[Result "1-0"]
[WhiteElo "2127"]
[BlackElo "2134"]
[PlyCount "89"]
[EventDate "2002.??.??"]

1. e4 c5 2. Nf3 Nc6 3. Bb5 g6 4. O-O Bg7 5. Re1 e5 6. Bxc6 dxc6 7. d3 Ne7 8.
Be3 b6 9. a4 a5 10. Na3 h6 11. Nc4 Qc7 12. c3 Be6 13. b4 Bxc4 14. dxc4 cxb4 15.
cxb4 O-O 16. Qb3 Rfb8 17. b5 c5 18. Nd2 Rd8 19. Rad1 f5 20. f3 f4 21. Bf2 Kf7
22. Nb1 Rxd1 23. Rxd1 Rd8 24. Nc3 Rxd1+ 25. Qxd1 Bf6 26. Kf1 Ke6 27. Ke2 Qd6
28. Qxd6+ Kxd6 29. Nd5 Nxd5 30. exd5 h5 31. g3 fxg3 32. hxg3 Bg5 33. Kd3 Be7
34. Ke4 Bg5 35. Be1 h4 36. gxh4 Bf4 37. Bf2 Kd7 38. Be3 Bg3 39. Bg5 Bh2 40. Bf6
Bg3 41. Bg5 Bh2 42. h5 gxh5 43. Bh4 Bf4 44. Kf5 Kd6 45. Bd8 1-0

[Event "SV Marbach-SF Pfullingen"]
[Site "?"]
[Date "2002.12.16"]
[Round "4.5"]
[White "Prochnow, Mario"]
[Black "Lach, Bernhard"]
[Result "1-0"]
[WhiteElo "2171"]
[BlackElo "2180"]
[PlyCount "79"]
[EventDate "2002.??.??"]

1. d4 d5 2. c4 e5 3. dxe5 d4 4. Nf3 Nc6 5. g3 Be6 6. Nbd2 Qd7 7. Bg2 Nge7 8.
Qa4 Ng6 9. O-O Be7 10. Nb3 O-O 11. Rd1 Ncxe5 12. Qxd7 Bxd7 13. Nxe5 Nxe5 14.
Nxd4 c6 15. b3 Bf6 16. Ba3 Rfe8 17. Rac1 Rad8 18. Bd6 Bg4 19. c5 Nd7 20. f3 Bh5
21. e4 Bg5 22. Rb1 h6 23. Kf2 Bg6 24. Bh3 Nf6 25. Bc7 Ra8 26. Nf5 Bxf5 27. Bxf5
h5 28. Rd3 g6 29. Bh3 Re7 30. Bd6 Ree8 31. Rbd1 Kh7 32. Rd4 Ng8 33. Bd7 Red8
34. Bc7 Rf8 35. Rb4 Be7 36. Rxb7 Bxc5+ 37. Ke2 Ne7 38. Rc1 Ba3 39. Rc4 c5 40.
Bd6 1-0

[Event "SV Marbach-SF Pfullingen"]
[Site "?"]
[Date "2002.12.16"]
[Round "4.6"]
[White "Klaric, Zoran"]
[Black "Naegele, Thomas"]
[Result "0-1"]
[WhiteElo "2014"]
[BlackElo "2165"]
[PlyCount "76"]
[EventDate "2002.??.??"]

1. d4 Nf6 2. Nf3 g6 3. c4 Bg7 4. g3 O-O 5. Bg2 d6 6. O-O c6 7. Nc3 Qa5 8. e4
Qh5 9. Ng5 Qxd1 10. Rxd1 e5 11. dxe5 dxe5 12. f3 h6 13. Nh3 Be6 14. b3 Na6 15.
Be3 Rfe8 16. Nf2 Bf8 17. Nd3 Nd7 18. Bf1 Red8 19. Na4 f5 20. Bh3 Kf7 21. exf5
gxf5 22. Kf2 Kf6 23. f4 e4 24. Bd4+ Kf7 25. Ne5+ Nxe5 26. Bxe5 Nb4 27. Rxd8
Rxd8 28. Ke2 b5 29. Nb2 Bc5 30. a4 a6 31. axb5 axb5 32. Bc3 Rd7 33. Ra8 Nd3 34.
Nxd3 Rxd3 35. Be5 Rxb3 36. cxb5 cxb5 37. Ra1 e3 38. Rc1 Bc4+ 0-1

[Event "SV Marbach-SF Pfullingen"]
[Site "?"]
[Date "2002.12.16"]
[Round "4.7"]
[White "Altenhof, Martin"]
[Black "Meschke, Andreas"]
[Result "1/2-1/2"]
[WhiteElo "2199"]
[BlackElo "2136"]
[PlyCount "123"]
[EventDate "2002.??.??"]

1. e4 e5 2. Nf3 Nc6 3. Bc4 Bc5 4. c3 Nf6 5. d3 d6 6. h3 Be6 7. Bb3 Bb6 8. Be3
O-O 9. Nbd2 Ne7 10. Bxe6 fxe6 11. Qb3 Qd7 12. O-O-O Ng6 13. g3 d5 14. Bxb6 axb6
15. a3 Qc6 16. exd5 exd5 17. d4 Nd7 18. Rhe1 Rae8 19. dxe5 Nc5 20. Qc2 Qb5 21.
c4 dxc4 22. Re3 Nd3+ 23. Kb1 Ngxe5 24. Nxe5 Nxe5 25. f4 Nc6 26. Qxc4+ Qxc4 27.
Nxc4 Rd8 28. Red3 Rxd3 29. Rxd3 Re8 30. Rd7 Re7 31. Rxe7 Nxe7 32. Ne3 Kf7 33.
Kc2 Ke6 34. Kd3 b5 35. Ke4 Nc8 36. f5+ Kd7 37. g4 Nd6+ 38. Kf4 c6 39. g5 Ke7
40. h4 b6 41. Ke5 Nf7+ 42. Ke4 Nd6+ 43. Kf4 Nb7 44. Ng4 Nc5 45. Ne5 Kd6 46. h5
Nd7 47. Nxd7 Kxd7 48. Ke5 Ke7 49. f6+ gxf6+ 50. gxf6+ Kd7 51. h6 c5 52. Kd5 b4
53. axb4 cxb4 54. b3 Ke8 55. Kc4 Kf7 56. Kxb4 Kg6 57. f7 Kxf7 58. Kb5 Kg6 59.
Kxb6 Kxh6 60. Kc5 Kg5 61. b4 h5 62. b5 1/2-1/2

[Event "SV Marbach-SF Pfullingen"]
[Site "?"]
[Date "2002.12.16"]
[Round "4.8"]
[White "Rabl, Joerg Steffen"]
[Black "Streck, Alexander"]
[Result "1/2-1/2"]
[WhiteElo "2093"]
[BlackElo "2114"]
[PlyCount "107"]
[EventDate "2002.??.??"]

1. e4 c5 2. c3 g6 3. d4 Bg7 4. Nf3 b6 5. dxc5 Bb7 6. Bc4 Nh6 7. O-O O-O 8. Bd5
Nc6 9. cxb6 Qxb6 10. Nbd2 e6 11. Bb3 Ba6 12. Nc4 Qc7 13. Re1 Ng4 14. h3 Nge5
15. Ncxe5 Nxe5 16. Bf4 Bb5 17. Nxe5 Bxe5 18. Bxe5 Qxe5 19. Qd4 Qxd4 20. cxd4 a5
21. Rec1 Rfc8 22. f3 a4 23. Bd1 Rc6 24. Rxc6 dxc6 25. Bc2 Rd8 26. Rd1 Be2 27.
Rd2 Bb5 28. Kf2 c5 29. Ke3 c4 30. f4 Rc8 31. d5 exd5 32. exd5 Kf8 33. Rd4 Ke7
34. Kd2 Kd6 35. Be4 f5 36. Bf3 Kc5 37. Kc3 Re8 38. Rd1 Re3+ 39. Kd2 Rd3+ 40.
Kc1 Kd4 41. Rxd3+ Kxd3 42. d6 Bd7 43. Bd5 Ke3 44. Bxc4 Kxf4 45. Kd2 Ke5 46. Ke3
f4+ 47. Kf2 Kxd6 48. b4 axb3 49. Bxb3 Ke5 50. h4 h6 51. a4 g5 52. hxg5 hxg5 53.
g3 fxg3+ 54. Kxg3 1/2-1/2

[Event "Post- SV Ulm-Stuttgarter SF II"]
[Site "?"]
[Date "2002.12.16"]
[Round "4.2"]
[White "Mueller, Ralf"]
[Black "Schmid, Hartmut"]
[Result "1-0"]
[WhiteElo "2279"]
[BlackElo "2171"]
[PlyCount "67"]
[EventDate "2002.??.??"]

1. e4 c5 2. Nf3 Nf6 3. e5 Nd5 4. Nc3 e6 5. g3 Nc6 6. Bg2 d6 7. exd6 Bxd6 8. Ne4
Be7 9. d3 O-O 10. O-O f5 11. Ned2 Bf6 12. Re1 e5 13. c3 Kh8 14. a4 Nde7 15. Nc4
Ng6 16. Be3 Qe7 17. h4 f4 18. Bxf4 Nxf4 19. gxf4 Bg4 20. Qd2 Bxf3 21. Bxf3 Bxh4
22. Nxe5 Qf6 23. Bxc6 bxc6 24. Re4 Rad8 25. Rae1 g5 26. Qe2 gxf4 27. Qh5 Rg8+
28. Kf1 Rg7 29. Nf3 Bxf2 30. Re8+ Rg8 31. Kxf2 Rd5 32. Rxg8+ Kxg8 33. Qe8+ Kg7
34. Re7+ 1-0

[Event "Post- SV Ulm-Stuttgarter SF II"]
[Site "?"]
[Date "2002.12.16"]
[Round "4.3"]
[White "Gabriel, Robert"]
[Black "Gruber, Thomas"]
[Result "1/2-1/2"]
[WhiteElo "2153"]
[BlackElo "2239"]
[PlyCount "45"]
[EventDate "2002.??.??"]

1. d4 c5 2. e3 Nf6 3. Nf3 g6 4. b3 Bg7 5. Bb2 cxd4 6. exd4 O-O 7. Be2 d5 8. Ne5
Qa5+ 9. Qd2 Qc7 10. f3 Nc6 11. Nxc6 Qxc6 12. Bd3 Bf5 13. Bxf5 gxf5 14. a4 Nh5
15. g3 Bh6 16. Qd3 Rac8 17. Nc3 e6 18. Rd1 Nf6 19. O-O Kh8 20. Rf2 a6 21. Kh1
Rg8 22. Rg1 Rg6 23. Rgg2 1/2-1/2

[Event "Post- SV Ulm-Stuttgarter SF II"]
[Site "?"]
[Date "2002.12.16"]
[Round "4.4"]
[White "Oberst, Thomas"]
[Black "Haas, Wilhelm"]
[Result "1/2-1/2"]
[WhiteElo "2227"]
[BlackElo "2113"]
[PlyCount "80"]
[EventDate "2002.??.??"]

1. e4 c5 2. Nc3 Nc6 3. g3 g6 4. Bg2 Bg7 5. d3 e6 6. Be3 Nd4 7. Qd2 Ne7 8. Nd1
d6 9. c3 Ndc6 10. Bh6 Bf6 11. Ne2 Bd7 12. O-O Qc7 13. d4 e5 14. d5 Nd8 15. c4
Ng8 16. Ndc3 a6 17. a4 b6 18. h3 Nb7 19. b3 Nxh6 20. Qxh6 O-O-O 21. f4 Rdf8 22.
f5 Qd8 23. Qe3 h5 24. Kh2 Kc7 25. Qd3 Bg5 26. Rf2 Na5 27. Rb1 Nb7 28. Rbf1 h4
29. g4 gxf5 30. exf5 f6 31. Ne4 Bh6 32. Rb1 a5 33. Rbf1 Qe7 34. Bf3 Nd8 35.
N2c3 Bf4+ 36. Kh1 Nf7 37. Bg2 Rfg8 38. Re2 Bg5 39. Qf3 Bh6 40. Qd3 Bg5 1/2-1/2

[Event "Post- SV Ulm-Stuttgarter SF II"]
[Site "?"]
[Date "2002.12.16"]
[Round "4.5"]
[White "Fritsch, Rolf"]
[Black "Kaiser, Dieter"]
[Result "1-0"]
[WhiteElo "2256"]
[BlackElo "2280"]
[PlyCount "129"]
[EventDate "2002.??.??"]

1. d4 Nf6 2. Nf3 b6 3. c4 e6 4. Nc3 Bb4 5. e3 Bb7 6. Be2 O-O 7. O-O c5 8. Na4
cxd4 9. exd4 Re8 10. a3 Bf8 11. b4 d6 12. Bb2 Nbd7 13. Re1 Rc8 14. Bf1 Rc7 15.
Nc3 Qa8 16. Rc1 Rcc8 17. Qd3 Bxf3 18. Qxf3 Qxf3 19. gxf3 Nh5 20. Na4 Rb8 21.
Rc2 g6 22. Nc3 Red8 23. Bc1 e5 24. Nb5 a6 25. Na7 Re8 26. Nc6 Rbc8 27. d5 Nb8
28. Nxb8 Rxb8 29. Be3 f5 30. a4 f4 31. Bc1 Ra8 32. Bd2 Ng7 33. Bh3 Nf5 34. Bxf5
gxf5 35. Ra1 Rec8 36. a5 b5 37. Rac1 bxc4 38. Rxc4 Rxc4 39. Rxc4 Kf7 40. Rc6
Be7 41. Kf1 Ra7 42. Ke2 Ke8 43. Kd3 Kd7 44. Kc4 Bd8 45. b5 axb5+ 46. Kxb5 Rb7+
47. Ka4 Ra7 48. a6 Bh4 49. Bb4 Bxf2 50. Rxd6+ Kc7 51. Rf6 e4 52. Kb5 exf3 53.
Bd6+ Kd7 54. Bxf4 Bd4 55. Rxf5 Ke8 56. Be5 Bxe5 57. Rxe5+ Kd8 58. Rf5 Rd7 59.
Kc6 Ke7 60. Re5+ Kd8 61. d6 Rf7 62. Ra5 Ra7 63. Kb6 f2 64. Rf5 Rd7 65. Rf8# 1-0

[Event "Post- SV Ulm-Stuttgarter SF II"]
[Site "?"]
[Date "2002.12.16"]
[Round "4.6"]
[White "Pieper, Thomas"]
[Black "Gabriel, Josef"]
[Result "0-1"]
[WhiteElo "2210"]
[BlackElo "2080"]
[PlyCount "96"]
[EventDate "2002.??.??"]

1. e4 g6 2. d4 c6 3. Nc3 d6 4. f4 d5 5. Nf3 h5 6. exd5 cxd5 7. Bb5+ Bd7 8. Qe2
a6 9. Qe5 Nf6 10. Nxd5 Bg7 11. Bxd7+ Nbxd7 12. Nxf6+ Bxf6 13. Qe4 Rc8 14. O-O
Qb6 15. c3 e6 16. Rf2 O-O 17. Ne5 Rc7 18. Be3 Qa5 19. Bd2 Bg7 20. b3 Qb6 21.
Rd1 Nf6 22. Qf3 Rd8 23. Nc4 Qb5 24. Re2 Qf5 25. Be1 b5 26. Ne5 Nd5 27. Re4 Nxc3
28. Bxc3 Rxc3 29. Qe2 Rdc8 30. Rd2 Rc1+ 31. Kf2 Bh6 32. Nd3 R1c3 33. Re5 Qf6
34. g3 h4 35. Nc5 hxg3+ 36. hxg3 Bxf4 37. gxf4 Qh4+ 38. Kf1 Rc1+ 39. Kg2 Qh1+
40. Kf2 Qg1+ 41. Kf3 Rf1+ 42. Ke4 Re1 43. Kf3 Rxe2 44. Rexe2 Kg7 45. Ne4 Qh1+
46. Kg3 Rc1 47. Rg2 Qe1+ 48. Kf3 f5 0-1

[Event "Post- SV Ulm-Stuttgarter SF II"]
[Site "?"]
[Date "2002.12.16"]
[Round "4.7"]
[White "Gerstenberger, Heinz"]
[Black "Schulze, Andreas"]
[Result "1/2-1/2"]
[WhiteElo "2051"]
[BlackElo "2160"]
[PlyCount "77"]
[EventDate "2002.??.??"]

1. c4 Nf6 2. g3 e6 3. Bg2 d5 4. Nf3 Be7 5. O-O O-O 6. Qc2 c5 7. d4 cxd4 8. Nxd4
Nc6 9. Nxc6 bxc6 10. Rd1 Qb6 11. Be3 Qa6 12. h3 Bb7 13. Nd2 Rac8 14. Nf3 Rfd8
15. c5 Qa5 16. b4 Qc7 17. Bf4 Qd7 18. g4 Qe8 19. Rab1 Ba6 20. Ne5 Nd7 21. e4
Nxe5 22. Bxe5 f6 23. Bg3 Bc4 24. Rd2 a5 25. a3 axb4 26. axb4 Ra8 27. Qc3 Ra4
28. Re1 e5 29. Red1 Qf7 30. exd5 Bxd5 31. b5 Raa8 32. bxc6 Bxg2 33. Rxd8+ Rxd8
34. Rxd8+ Bxd8 35. Kxg2 Qd5+ 36. f3 Qxc6 37. Qc4+ Kf8 38. Be1 Be7 39. Bb4
1/2-1/2

[Event "Post- SV Ulm-Stuttgarter SF II"]
[Site "?"]
[Date "2002.12.16"]
[Round "4.8"]
[White "Stiller, Patrick"]
[Black "Seibel, Ulrich"]
[Result "1/2-1/2"]
[WhiteElo "2155"]
[BlackElo "2068"]
[PlyCount "123"]
[EventDate "2002.??.??"]

1. d4 e6 2. c4 Nf6 3. Nc3 Bb4 4. Qc2 c5 5. dxc5 Na6 6. a3 Bxc3+ 7. Qxc3 Nxc5 8.
b4 Nce4 9. Qc2 d5 10. f3 Nd6 11. c5 Nf5 12. e3 O-O 13. Bd3 Nh4 14. Bb2 Re8 15.
Qf2 Ng6 16. Ne2 e5 17. O-O Bd7 18. Nc3 Qe7 19. Rad1 Nf8 20. Bb1 Bc6 21. Rd2 a6
22. Ba2 Rad8 23. Rfd1 Ne6 24. Bxd5 Bxd5 25. Nxd5 Nxd5 26. Rxd5 f6 27. Qc2 g6
28. Qc4 Kf7 29. Qh4 Kf8 30. Qc4 Kf7 31. Kf1 Kg7 32. Ke2 Nc7 33. Rxd8 Rxd8 34.
Rxd8 Qxd8 35. Qd3 Qe7 36. Qe4 Ne6 37. Qd5 Nd8 38. a4 Nc6 39. Bc3 Nd8 40. b5
axb5 41. axb5 Qc7 42. Bb4 Nf7 43. e4 Nd8 44. Kd3 g5 45. Kc4 h5 46. Qd6 Qf7+ 47.
Qd5 Qc7 48. Kb3 Qc8 49. Ba5 Ne6 50. Kb4 Nd4 51. Kc4 Nc2 52. Kd3 Nd4 53. Kc4 Nc2
54. Bd2 Na3+ 55. Kb4 Nc2+ 56. Kc3 Nd4 57. b6 Qa8 58. Qd7+ Kg6 59. Kb2 Qa6 60.
Qe8+ Kg7 61. Qe7+ Kg6 62. Qe8+ 1/2-1/2

[Event "SV Tuebingen-VfL Sindelfingen"]
[Site "?"]
[Date "2002.12.16"]
[Round "4.1"]
[White "Weigand, Bernhard"]
[Black "Roth, Juergen"]
[Result "1/2-1/2"]
[WhiteElo "2285"]
[BlackElo "2254"]
[PlyCount "117"]
[EventDate "2002.??.??"]

1. e4 g6 2. d4 Bg7 3. Nc3 d6 4. f4 c6 5. Nf3 Bg4 6. Be3 Qb6 7. Qd2 Bxf3 8. gxf3
Nd7 9. O-O-O Qa5 10. Kb1 b5 11. h4 Nb6 12. Bd3 Nc4 13. Bxc4 bxc4 14. Ne2 Qxd2
15. Rxd2 Nf6 16. Ng3 Kd7 17. c3 h5 18. Kc2 Bh6 19. Re2 e6 20. b3 cxb3+ 21. axb3
Rhb8 22. Ra1 Rb7 23. b4 Bf8 24. Kd3 Be7 25. Bf2 Ne8 26. Nf1 d5 27. Rea2 Nd6 28.
Nd2 Bd8 29. Ra6 Bb6 30. Bg3 Nb5 31. Nf1 Re8 32. R6a2 Kc8 33. Ne3 Rd7 34. e5 Rf8
35. Rf1 Kb7 36. Be1 Ra8 37. Bd2 Bd8 38. Ng2 Bb6 39. Rfa1 Rf8 40. Rg1 Rdd8 41.
Ke2 Ra8 42. Rga1 Nc7 43. Ne3 Ne8 44. Be1 Ng7 45. Bf2 Nf5 46. Nxf5 exf5 47. Kd3
Rad8 48. Rb1 Rc8 49. Ra4 a6 50. Rc1 Rfd8 51. Ra2 Ra8 52. Rca1 Rd7 53. Re2 Re8
54. Rea2 Ra8 55. Rg1 Re8 56. Re2 Re6 57. Ra1 Rd8 58. Rea2 Ra8 59. Rg1 1/2-1/2

[Event "SV Tuebingen-VfL Sindelfingen"]
[Site "?"]
[Date "2002.12.16"]
[Round "4.2"]
[White "Frick, Christoph"]
[Black "Igney, Volkhard"]
[Result "1-0"]
[WhiteElo "2193"]
[BlackElo "2193"]
[PlyCount "95"]
[EventDate "2002.??.??"]

1. e4 c6 2. d4 d5 3. exd5 cxd5 4. Bd3 Nc6 5. c3 g6 6. Nf3 Bg7 7. O-O Nh6 8. Re1
O-O 9. Bf4 f6 10. b4 Nf7 11. b5 Na5 12. Nbd2 Re8 13. Qa4 b6 14. Rad1 Bd7 15. h4
e5 16. dxe5 fxe5 17. Bg5 Qc7 18. h5 gxh5 19. Qh4 Bg4 20. Re3 e4 21. Rde1 Qd7
22. Nxe4 dxe4 23. Bxe4 Rac8 24. Nd4 Nxg5 25. Qxg5 Re5 26. Bxh7+ Kxh7 27. Rxe5
Bxe5 28. Rxe5 Re8 29. f3 Rxe5 30. Qxe5 Nb7 31. fxg4 hxg4 32. Ne6 Kg8 33. Qf6 g3
34. Qg6+ Kh8 35. Qxg3 Qxe6 36. Qb8+ Qg8 37. Qxb7 Qxa2 38. Qc6 Qb1+ 39. Kf2 Qf5+
40. Ke3 Qe5+ 41. Kd3 Qf5+ 42. Kc4 Qf1+ 43. Kd4 a5 44. bxa6 Qxa6 45. c4 Qa1+ 46.
Kd5 Qd1+ 47. Ke6 Qe2+ 48. Kf7 1-0

[Event "SV Tuebingen-VfL Sindelfingen"]
[Site "?"]
[Date "2002.12.16"]
[Round "4.3"]
[White "Carstens, Andreas"]
[Black "Khadempour, Farhad"]
[Result "0-1"]
[WhiteElo "2167"]
[BlackElo "2168"]
[PlyCount "106"]
[EventDate "2002.??.??"]

1. c4 c5 2. Nc3 Nf6 3. e4 Nc6 4. Nf3 e5 5. d3 d6 6. g3 g6 7. Bg2 Bg7 8. O-O O-O
9. a3 a6 10. Rb1 Rb8 11. b4 cxb4 12. axb4 b5 13. cxb5 axb5 14. Be3 Bg4 15. h3
Bxf3 16. Qxf3 Qd7 17. g4 Nd4 18. Bxd4 exd4 19. Ne2 Rfc8 20. g5 Ne8 21. Nf4 Nc7
22. h4 Rd8 23. Bh3 Qe7 24. Rfc1 h6 25. Qg4 hxg5 26. hxg5 d5 27. Bg2 dxe4 28.
Bxe4 Be5 29. Rc6 Rd6 30. Rbc1 Rxc6 31. Rxc6 Bd6 32. Bxg6 fxg6 33. Nxg6 Qe1+ 34.
Kg2 Rd8 35. Qxd4 Qe6 36. Qh8+ Kf7 37. Qxd8 Qd5+ 38. f3 Qxc6 39. Qf6+ Ke8 40.
Ne5 Qd5 41. Qh8+ Bf8 42. g6 Ne6 43. Qf6 Bg7 44. Qf7+ Kd8 45. Qg8+ Kc7 46. Qf7+
Kd6 47. Nd7 Qg5+ 48. Kf1 Qc1+ 49. Kg2 Qd2+ 50. Kg3 Qg5+ 51. Kf2 Bd4+ 52. Ke2
Nf4+ 53. Kd1 Qg1+ 0-1

[Event "SV Tuebingen-VfL Sindelfingen"]
[Site "?"]
[Date "2002.12.16"]
[Round "4.4"]
[White "Weber, Klaus"]
[Black "Fahnenschmidt, Gerhard"]
[Result "0-1"]
[WhiteElo "2138"]
[BlackElo "2101"]
[PlyCount "76"]
[EventDate "2002.??.??"]

1. e4 c5 2. Nf3 d6 3. d4 cxd4 4. Nxd4 Nf6 5. Nc3 a6 6. Bc4 e6 7. O-O b5 8. Bb3
Bb7 9. f4 Nc6 10. a3 Nxd4 11. Qxd4 Rc8 12. Kh1 Be7 13. a4 O-O 14. axb5 axb5 15.
Re1 d5 16. exd5 b4 17. Ne4 Nxd5 18. Bd2 Qc7 19. Qf2 Rfd8 20. f5 exf5 21. Qxf5
g6 22. Qf2 Qc6 23. c4 Nf6 24. Nxf6+ Bxf6 25. Re2 Bd4 26. Be3 Bxe3 27. Rxe3 Rd4
28. Re2 Rg4 29. Rg1 Rc7 30. h3 Rxg2 31. Rxg2 Rd7 32. Kh2 Rd3 33. Bc2 Rf3 34.
Be4 Qc7+ 35. Kg1 Rxf2 36. Rgxf2 Bxe4 37. Rxe4 Qg3+ 38. Kf1 Qxh3+ 0-1